000 00780nam a2200229 a 4500
001 000004405
005 20200929151433.0
008 720530s1972 sp 000 f spa
040 _aDO-SdBNP
_bspa
_cBNPHU
041 1 7 _aspa
_hger
_2Código de idioma MARC
082 _a891.8652
_bW488n
100 1 _aWerfel, Franz,
_d1890-1945.
_910608
240 1 3 _aVERDI-Roman der oper.
_lEspañol
245 1 3 _aLa novela de la ópera /
_cFranz Werfel ; edición, Luis de Caralt.
260 _aBarcelona :
_bLinomonograph,
_c1972.
300 _a570 p. ;
_c19 cm.
534 _aTítulo de la obra original:
_tVERDI-Roman der oper.
600 1 0 _aVERDI, GIUSEPPE,
_d1813-1901.
_9966
650 4 _aNovela checa
_912956
650 4 _aLiteratura checa
_912957
910 _aCatalogación original noche.
999 _c4214
_d4214